Statistics for Bordering Countries Forming Words

Click here to take the quiz!

General Stats

  • This quiz has been taken 15,834 times
    (15,761 since last reset)
  • The average score is 28 of 35

Answer Stats

Hint Answer % Correct
SOYYemen
94%
SOYOman
93%
ASPSpain/Slovakia
93%
SOYSaudi Arabia
92%
ASPAndorra/Austria
91%
ASPPortugal/Poland
90%
CAPParaguay/Pakistan
88%
IFFrance
86%
CAPArgentina/Afghanistan
86%
FISHHungary
86%
CAPChile/China
85%
IFItaly
83%
GASHAustria
82%
GASHGermany
82%
GASHSlovakia
81%
DUKEUganda
80%
FISHSlovenia
80%
DUKEKenya
79%
DUKEEthiopia
77%
PITSPakistan
74%
TALEAlgeria
71%
TALELibya
70%
PITSIran
70%
SLAMMorocco/Mauritania/Mali
69%
DUKED. R. Congo
67%
TALEEgypt
65%
PITSTurkey
65%
TALETunisia
65%
PITSSyria
63%
SLAMSudan
61%

Score Distribution

Percentile by Number Answered

Percent of People with Each Score

Your Score History

You have not taken this quiz since the last reset